Analýza daňových systémů středoevropských zemí pomocí statistické simulace

Aplikácia komplexného dynamického modelu zdanenia príjmov fyzických osôb a integrujúcich faktorov ich dlhodobej a krátkodobej premenlivosti. Model bude použitý k analýze charakteristík celkového fiškálneho zaťaženia (dane a povinné odvody) príjmov zamestnancov v súkromnom sektore štyroch stredoeuróp...

Descrizione completa

Salvato in:
Dettagli Bibliografici
Autore principale: Vlachý, Jan
Natura: Capitolo di libro
Lingua:ceco
Soggetti:
Tags: Aggiungi Tag
Nessun Tag, puoi essere il primo ad aggiungerne!!

MARC

LEADER 00000nla a2200000 4500
001 0235718
005 20240417075126.1
041 0 |a cze 
044 |a CZ 
245 1 0 |a Analýza daňových systémů středoevropských zemí pomocí statistické simulace  |c Jan Vlachý 
520 |a Aplikácia komplexného dynamického modelu zdanenia príjmov fyzických osôb a integrujúcich faktorov ich dlhodobej a krátkodobej premenlivosti. Model bude použitý k analýze charakteristík celkového fiškálneho zaťaženia (dane a povinné odvody) príjmov zamestnancov v súkromnom sektore štyroch stredoeurópskych ekonomík Vyšehrádskej skupiny V4 (Česká republika, Slovensko, Poľsko a Maďarsko) za podmienok platných v roku 2016. 
610 2 0 |a systémy daňové 
610 2 0 |a simulácia 
610 2 0 |a Vyšehradská štvorka 
610 2 0 |a zaťaženie daňové 
610 2 0 |a osoby fyzické 
610 2 0 |a dane z príjmov 
100 1 |a Vlachý, Jan